Fußball: Erfolgreichste Bundesliga-Trainer - Statistiken

Allgemein
  • Dieses Quiz wurde 1.834 mal gespielt
    1.731 seit der letzten Aktualisierung
  • Das Durchschnittsergebnis liegt bei 7 aus 13
Antwortstatistiken
Titel Meisterschaftsjahre Trainer % Korrekt
4 1989, 1990, 2013, 2018 Jupp Heynckes
90%
2 2011, 2012 Jürgen Klopp
89%
3 2014, 2015, 2016 Pep Guardiola
88%
2 2020, 2021 Hansi Flick
79%
7 1995, 1996, 1999, 2000, 2001, 2003, 2008 Ottmar Hitzfeld
68%
3 2005, 2006, 2009 Felix Magath
67%
3 1988, 1993, 1998 Otto Rehhagel
57%
8 1972, 1973, 1974, 1976, 1977, 1985, 1986, 1987 Udo Lattek
55%
4 1970, 1971, 1975, 1978 Hennes Weisweiler
30%
2 1982, 1983 Ernst Happel
23%
2 1966, 1968 Max Merkel
15%
2 1969, 1979 Branko Zebec
14%
2 1980, 1981 Pal Csernai
12%
Keine übereinstimmenden Quizze gefunden
Verteilung der Resultate
Anzahl Personen mit jedem Resultat
Perzentil nach korrekt beantworteten Fragen
Ihre Resultats-Entwicklung
Sie haben dieses Quiz seit der letzten Aktualisierung nicht gespielt